Tarjeta de crédito y defensa del usuario : relaciones entre usuario, emisor y comercio adherido /

Contenido: Sistema de la tarjeta de crédito; Los sujetos; El contrato de emisión; Contrato entre emisor y proveedor; Contrato entre proveedor y emisario; Disposiciones comunes.

محفوظ في:
التفاصيل البيبلوغرافية
المؤلف الرئيسي: Wayar, Ernesto C. (autor)
التنسيق: كتاب
اللغة:الإسبانية
منشور في: Buenos Aires, Argentina : Astrea, 2000, c2000
الموضوعات:
الوسوم: إضافة وسم
لا توجد وسوم, كن أول من يضع وسما على هذه التسجيلة!

MARC

LEADER 00000nam^a2200000^a^4500
001 000136299
005 20250521000000.0
009 20260310095315.522
020 |a 950-508-540-0 
037 |a Acervo ITESO - Biblioteca 
041 |a ESP 
082 |a 346. 820722  |b WAY 
100 |a Wayar, Ernesto C.  |e (autor) 
245 1 0 |a Tarjeta de crédito y defensa del usuario :  |b relaciones entre usuario, emisor y comercio adherido /  |c E.C. Wayar. 
264 4 |a Buenos Aires, Argentina :  |b Astrea,  |c 2000, c2000 
300 |a XXIV, 406 p. 
336 |a texto  |b txt  |2 rdacontenido 
337 |a sin mediación  |b n  |2 rdamedio 
338 |a volumen  |b nc  |2 rdasoporte 
520 |a Contenido: Sistema de la tarjeta de crédito; Los sujetos; El contrato de emisión; Contrato entre emisor y proveedor; Contrato entre proveedor y emisario; Disposiciones comunes. 
649 |a XX 
650 |a Tarjetas de Crédito -  |z Argentina -  |x Aspectos Jurídicos 
650 |a Crédito -  |z Argentina -  |x Aspectos Jurídicos 
650 |a Protección del Consumidor -  |z Argentina -  |x Aspectos Jurídicos 
650 |a Derecho Bancario -  |z Argentina 
650 |a Derecho Mercantil -  |z Argentina 
650 |a Derecho Privado -  |z Argentina 
910 |a Fondo General 
920 |a Impresos - Libros 
930 |a Colección General 
905 |a 101 
901 |a 0500065011  |b IT1  |c ACC  |u 20250521 
902 |a https://opac.biblio.iteso.mx/vufind/Record/000136299